000 00275nam a2200097Ia 4500
001 644207
005 20250826153600.0
008 250824s9999 xx 000 0 und d
245 0 _aŞİRİN İSTANBULU GEZİYORUM 16 BEŞİKTAŞ TA
_cBİRSEN EKİM ÖZEN
260 _bTİMAŞ ÇOCUK
999 _c644207
_d644207